Atlas středověkého světa [obrázkový průvodce národy a událostmi středoveku]

Podrobná bibliografia
Hlavný autor: Adams, Simon, 1955- (Autor)
Ďalší autori: Maddison, Kevin (Ilustrátor), Ivan, Pavel (Prekladateľ)
Médium: Kniha
Jazyk:čeština
angličtina
Fyzický popis:44 s. fareb. ilustr., mp. 31 cm
Vydavateľské údaje: Bratislava Eastone Books 2007
ISBN:9788089217397
Vydanie:1. vyd.
Predmet:

MARC

LEADER 00000nam a2200000 a 4500
001 vtls009150956
003 SK-MaSNL
005 20260302022046.0
008 240318s2007 xo ab g 001 0 cze
015 |a SNBA2008/01-00125 
020 |a 9788089217397  |q (viaz.) 
035 |a E987E43E-D70F-4EFB-A844-5C508DCCE87B 
035 |a urn:nbn:sk:snk-amjvb6 
035 |a urn:nbn:sk:snk-am007z0t 
040 |a SNK  |b slo  |c SNK  |e AACR2 
041 1 |a cze  |h eng 
044 |a xo  |c SK 
072 7 |a 94(100)"04/ ..."  |x Dejiny stredoveku a novoveku (všeobecne)  |2 konspekt 
080 |a 94(100)"04/14"..."  |2 2001 
080 |a (084.12)  |2 2001 
100 1 |a Adams, Simon,  |d 1955-  |4 aut  |9 221613 
240 1 0 |a Kingfischer Atlas of the Medieval of World  |l Česky 
245 1 0 |a Atlas středověkého světa  |b [obrázkový průvodce národy a událostmi středoveku]  |c Simon Adams ; ilustrace: Kevin Maddison ; [přeložil Pavel Ivan] 
250 |a 1. vyd. 
260 |a Bratislava  |b Eastone Books  |c 2007 
300 |a 44 s.  |b fareb. ilustr., mp.  |c 31 cm 
504 |a Reg. 
650 0 7 |a stredovek  |2 SNKPH  |9 4259 
650 0 7 |a dejiny  |2 SNKPH  |9 3825 
655 7 |a atlasy  |2 SNKPH  |9 70424 
700 1 |a Maddison, Kevin  |4 ill  |9 282779 
700 1 |a Ivan, Pavel  |4 trl  |9 404380 
919 |a 978-80-89217-39-7 
958 |a OND 
958 |a OP 
958 |a CZ 
958 |a NM 
968 |a Čes  |b ENG  |d 90 
999 |c 1031313  |d 1033243 
952 |a SNK  |b SNK  |y PREZ  |7 0  |p 17A0564946  |o snkSB 75075  |i snk2007/22406  |8 0  |0 0  |1 0  |4 0  |d 2007-10-18  |f 1  |l 0  |r 2025-04-25 00:00:00  |w 2026-02-24 
952 |a SNK  |b SNK  |y VYP  |7 0  |p 17A0564947  |o snkSB 75075 D1  |i snk2007/22407  |8 0  |0 0  |1 0  |4 0  |d 2007-10-18  |l 0  |r 2016-06-30 00:00:00  |w 2026-02-24